Vkus a nevkus okolo nás

Bibliographic Details
Main Author: Hanzlíková, Alena (Author)
Other Authors: Barica, Ján, 1928-2005 (Translator)
Format: Book
Language:Slovak
Czech
PhysicalDescription:312 s. 17 cm
Published: Bratislava Smena 1980
Edition:1. vyd.
Series:Križovatky
Subjects:

MARC

LEADER 00000nam a2200000 a 4500
001 vtls001108732
003 SK-MaSNL
005 20260301001428.0
008 250414s1980 xo 0 slo
015 |a SNBA1980 
035 |a SNK000051574 
040 |a SNK  |b slo  |c SNK  |e AACR2 
041 1 |a slo  |h cze 
044 |a xo  |c SK 
072 7 |a 11  |x Metafyzika  |2 konspekt 
072 7 |a 7.01/.09  |x Umenie  |2 konspekt 
080 |a 111.852  |2 2001 
080 |a 7.011  |2 2001 
080 |a 7.05  |2 2001 
080 |a 111.85  |2 2001 
080 |a 7.011.28  |2 2001 
080 |a 391  |2 2001 
080 |a (048.8)  |2 2001 
100 1 |a Hanzlíková, Alena  |4 aut  |9 279719 
240 1 0 |a Vkus a nevkus kolem nás  |l Slovensky 
245 1 0 |a Vkus a nevkus okolo nás  |c Alena Hanzlíková ; [preložil: Ján Barica ; výtvarný redaktor: Ján Krížik] 
250 |a 1. vyd. 
260 |a Bratislava  |b Smena  |c 1980  |e Trnava  |f Polygrafické závody 
300 |a 312 s.  |c 17 cm 
366 |e 7500 výtl. 
490 0 |a Križovatky 
500 |a Ilustr. na front. 
650 0 7 |a estetika  |2 SNKPH  |9 791 
650 0 7 |a vkus  |2 SNKPH  |9 79938 
650 0 7 |a dizajn  |2 SNKPH  |9 762 
650 0 7 |a krása  |2 SNKPH  |9 30889 
650 0 7 |a gýč  |2 SNKPH  |9 23980 
650 0 7 |a móda  |2 SNKPH  |9 19682 
650 0 7 |a Aesthetics  |2 SNKPHeng  |9 274397 
650 0 7 |a Taste  |2 SNKPHeng  |9 279720 
650 0 7 |a Design  |2 SNKPHeng  |9 267116 
650 0 7 |a Beauty  |2 SNKPHeng  |9 279721 
650 0 7 |a Kitsch  |2 SNKPHeng  |9 279722 
650 0 7 |a Fashion  |2 SNKPHeng  |9 268439 
655 7 |a monografie  |2 SNKPH  |9 70139 
655 7 |a Monographs  |2 SNKPHeng  |9 120675 
700 1 |a Barica, Ján,  |d 1928-2005  |4 trl  |9 124168 
700 1 |a Krížik, Ján,  |d 1943-  |4 bkd  |9 37047 
852 |a Slovenská národná knižnica 
954 |a estetika  |a vkus 
958 |a OND 
958 |a CZ 
958 |a TL 
958 |a OP 
999 |c 534883  |d 536813 
952 |a SNK  |b SNK  |y VYP  |7 0  |p 17A0076745  |o snkSD 50160 D1  |i snkKSP 4878/80  |0 0  |1 0  |4 0  |d 1997-07-01  |l 0  |r 2004-12-31 00:00:00  |w 2026-02-23